[Event "Ct. Catalunya Veterans"]
[Site "?"]
[Date "2012.05.12"]
[Round "2"]
[White "Grau Brumos, I."]
[Black "Montell Zabay, A."]
[Result "1-0"]
[WhiteElo "2168"]
[BlackElo "2041"]
[PlyCount "45"]
[EventDate "2012.??.??"]
[EventType "swiss"]
[EventRounds "9"]

1. d4 Nf6 2. e3 g6 3. Bd3 Bg7 4. c3 d6 5. f4 O-O 6. Nf3 Nbd7 7. O-O e5 8. Qc2
Re8 9. fxe5 dxe5 10. Ng5 h6 11. Nxf7 Kxf7 12. Bxg6+ Kg8 13. Bxe8 Qxe8 14. Nd2
b6 15. e4 Qg6 16. Rf3 Nh5 17. Qd3 Nf8 18. dxe5 Bb7 19. Rf5 Ne6 20. Nf3 Kh7 21.
Qe2 Bf8 22. Nh4 Bc5+ 23. Kh1 1-0

[Event "Ct. Catalunya Veterans"]
[Site "?"]
[Date "2012.05.12"]
[Round "2"]
[White "Morales Jodar, R."]
[Black "Marchador Villalba, J."]
[Result "0-1"]
[WhiteElo "1866"]
[BlackElo "2068"]
[PlyCount "84"]
[EventDate "2012.??.??"]
[EventType "swiss"]
[EventRounds "9"]

1. d4 Nf6 2. Bg5 c5 3. Bxf6 gxf6 4. g3 Qb6 5. dxc5 Qxb2 6. Nd2 Na6 7. a3 e6 8.
Bg2 Nxc5 9. Ngf3 d5 10. O-O Qc3 11. Nb3 Bd7 12. Rc1 Rc8 13. Qd4 Qxd4 14. Nfxd4
Na4 15. f4 f5 16. Rfd1 Bxa3 17. Bf1 Bxc1 18. Rxc1 Ke7 19. e3 Rc3 20. Kf2 Rhc8
21. Bd3 Nc5 22. Nxc5 R8xc5 23. Rb1 b6 24. Ra1 Ra5 25. Rb1 Ra2 26. Ke1 Rxd3 27.
cxd3 Rxh2 28. Rb4 Kd6 29. Rb3 Kc7 30. Rc3+ Kb7 31. Nf3 Rg2 32. g4 fxg4 33. Ng5
Be8 34. Nxh7 g3 35. Kf1 Ra2 36. Nf6 Bc6 37. d4 b5 38. Ng8 b4 39. Rb3 a5 40. Rb1
Bb5+ 41. Kg1 Be2 42. Nf6 Bf3 0-1

[Event "Ct. Catalunya Veterans"]
[Site "?"]
[Date "2012.05.12"]
[Round "2"]
[White "Palle Frowd, C."]
[Black "Coll Enriquez, L."]
[Result "0-1"]
[WhiteElo "2017"]
[BlackElo "2157"]
[PlyCount "136"]
[EventDate "2012.??.??"]
[EventType "swiss"]
[EventRounds "9"]

1. e4 e5 2. Nf3 d6 3. Bc4 Nd7 4. d4 c6 5. dxe5 dxe5 6. Ng5 Nh6 7. O-O Qe7 8.
Bb3 Nc5 9. Nc3 f6 10. Nf3 g6 11. Be3 Ne6 12. h3 Bg7 13. Qd2 Nf7 14. Rad1 O-O
15. a3 Kh8 16. Ne2 c5 17. c3 Rd8 18. Qc2 b6 19. Rxd8+ Nexd8 20. Rd1 Bb7 21. Ng3
Ne6 22. Bd5 Nd6 23. Qb3 Nf4 24. Bxb7 Nxb7 25. Qc2 Nd6 26. Qc1 Bh6 27. Qc2 Rf8
28. Qd2 Rd8 29. Kh2 Qe6 30. Qc2 Bf8 31. Ne2 Nxe2 32. Qxe2 Qb3 33. Bc1 Be7 34.
Ne1 Kg7 35. f3 g5 36. Nc2 a5 37. Ne3 Kf7 38. Kg1 a4 39. Kf1 b5 40. Rd5 Rc8 41.
Qd2 Rc6 42. Ke2 b4 43. Qc2 bxa3 44. bxa3 Nb5 45. Qxb3 axb3 46. Bb2 Ra6 47. Nc4
Ra4 48. Kd3 Ke6 49. Nb6 Ra6 50. Nc4 Nc7 51. Ne3 Nxd5 52. Nxd5 Ra7 53. c4 Bd8
54. Ne3 Ba5 55. Nd5 h5 56. Ke2 f5 57. exf5+ Kxf5 58. Kf2 Bd2 59. Ke2 Bf4 60.
Nc3 Bh2 61. Nd5 Bg1 62. Kd2 Bd4 63. Kc1 g4 64. fxg4+ hxg4 65. hxg4+ Kxg4 66.
Bxd4 cxd4 67. Kb2 e4 68. Nf6+ Kf4 0-1

[Event "Ct. Catalunya Veterans"]
[Site "?"]
[Date "2012.05.12"]
[Round "2"]
[White "Regue Farran, E."]
[Black "Garriga Nualart, J."]
[Result "0-1"]
[WhiteElo "2065"]
[BlackElo "2306"]
[PlyCount "116"]
[EventDate "2012.??.??"]
[EventType "swiss"]
[EventRounds "9"]

1. e4 e5 2. Nf3 Nc6 3. Bb5 f5 4. d4 fxe4 5. Bxc6 dxc6 6. Nxe5 Nf6 7. Nc3 Bd6 8.
Bg5 Bf5 9. Qe2 Bb4 10. O-O Bxc3 11. bxc3 O-O 12. Rab1 Rb8 13. Rfd1 Qe8 14. Rb2
Nd7 15. Nxd7 Qxd7 16. Rdb1 b6 17. Qe3 Rbe8 18. h3 Be6 19. Re1 Bd5 20. Bf4 Qf7
21. Bg3 Qe7 22. a4 a5 23. Ra1 Qd7 24. Rbb1 Rf7 25. Re1 h6 26. Kh2 Rfe7 27. Bh4
g5 28. Bg3 Qf5 29. Be5 c5 30. Qg3 Qd7 31. h4 g4 32. Qe3 Kh7 33. c4 cxd4 34.
Bxd4 Bxc4 35. g3 c5 36. Bc3 Rf7 37. Red1 Qe6 38. Rab1 Ref8 39. Be1 Rf3 40. Qd2
e3 41. fxe3 Rxe3 42. Qd7+ Rf7 43. Qxe6 Rxe6 44. Kg1 Ba6 45. Bd2 Rd7 46. Bf4
Rxd1+ 47. Rxd1 Kg6 48. Rd6 Kf5 49. Rxe6 Kxe6 50. Bxh6 Bb7 51. Bf4 Be4 52. c3
Kd5 53. Kf2 Kc4 54. Bc7 b5 55. axb5 a4 56. b6 a3 57. Ke3 Bc6 58. h5 a2 0-1

[Event "Ct. Catalunya Veterans"]
[Site "?"]
[Date "2012.05.12"]
[Round "2"]
[White "Simon Padros, E."]
[Black "Garcia Riera, J."]
[Result "1/2-1/2"]
[WhiteElo "2224"]
[BlackElo "2057"]
[PlyCount "49"]
[EventDate "2012.??.??"]
[EventType "swiss"]
[EventRounds "9"]

1. e4 Nf6 2. e5 Nd5 3. d4 d6 4. c4 Nb6 5. exd6 cxd6 6. Nc3 g6 7. Be3 Bg7 8. Rc1
O-O 9. b3 e5 10. dxe5 dxe5 11. Qxd8 Rxd8 12. c5 N6d7 13. Ne4 Nc6 14. Bc4 Na5
15. Bg5 Rf8 16. Bd5 Nc6 17. a3 h6 18. Bd2 Ne7 19. Bc4 a5 20. b4 axb4 21. axb4
b6 22. c6 Nxc6 23. Bd5 Ndb8 24. b5 Rd8 25. Nc3 1/2-1/2

[Event "Ct. Catalunya Veterans"]
[Site "?"]
[Date "2012.05.12"]
[Round "2"]
[White "Tarrus Galter, N."]
[Black "Franquet Escriva, J."]
[Result "1/2-1/2"]
[WhiteElo "1983"]
[BlackElo "2103"]
[PlyCount "53"]
[EventDate "2012.??.??"]
[EventType "swiss"]
[EventRounds "9"]

1. d4 Nf6 2. c4 e6 3. Nf3 Bb4+ 4. Nc3 b6 5. g3 Bb7 6. Bg2 O-O 7. O-O Bxc3 8.
bxc3 d6 9. Bg5 h6 10. Bf4 Nbd7 11. Re1 Qe7 12. Bc1 Rab8 13. a4 e5 14. d5 a5 15.
e4 Ba6 16. Bf1 Nc5 17. Qc2 Bc8 18. Nh4 Bd7 19. Nf5 Bxf5 20. exf5 Rfe8 21. h3
Nfd7 22. Bg2 Qf6 23. Be3 Nf8 24. g4 Nh7 25. Re2 Qh4 26. Rae1 Qe7 27. Rc1
1/2-1/2

[Event "Ct. Catalunya Veterans"]
[Site "?"]
[Date "2012.05.12"]
[Round "2"]
[White "Tejero Royo, F."]
[Black "Sanz Bastos, F."]
[Result "1/2-1/2"]
[WhiteElo "2132"]
[BlackElo "2026"]
[PlyCount "29"]
[EventDate "2012.??.??"]
[EventType "swiss"]
[EventRounds "9"]

1. e4 e5 2. Nf3 Nf6 3. Nxe5 d6 4. Nf3 Nxe4 5. Nc3 Nxc3 6. dxc3 Be7 7. Be3 Nd7
8. Qd2 O-O 9. O-O-O c6 10. Bf4 Qa5 11. Kb1 Ne5 12. Nd4 c5 13. Nb3 Qc7 14. Bg5
f6 15. Bh4 1/2-1/2

[Event "Ct. Catalunya Veterans"]
[Site "?"]
[Date "2012.05.13"]
[Round "3"]
[White "Basas Gamazo, J."]
[Black "Morales Jodar, R."]
[Result "1-0"]
[WhiteElo "2042"]
[BlackElo "1866"]
[PlyCount "81"]
[EventDate "2012.??.??"]
[EventType "swiss"]
[EventRounds "9"]

1. e4 e5 2. Nf3 Nc6 3. Bb5 a6 4. Bxc6 dxc6 5. O-O Bg4 6. h3 Bxf3 7. Qxf3 Nf6 8.
d3 Be7 9. Qg3 g6 10. Qxe5 Qd6 11. Qxd6 cxd6 12. Nc3 O-O-O 13. Bf4 Nh5 14. Bh2
f5 15. exf5 gxf5 16. Rfe1 Bg5 17. Re6 Nf4 18. Bxf4 Bxf4 19. Rf6 Rhf8 20. Rxf8
Rxf8 21. Re1 Kd7 22. g3 Bd2 23. Re2 Bxc3 24. bxc3 Rf7 25. f4 Re7 26. Rxe7+ Kxe7
27. g4 Kf6 28. Kf2 h6 29. c4 Ke6 30. g5 hxg5 31. fxg5 f4 32. Kf3 Kf5 33. h4 b6
34. Kg2 Kg6 35. Kf2 Kf5 36. Kf3 a5 37. d4 a4 38. a3 b5 39. cxb5 cxb5 40. c3 d5
41. g6 1-0

[Event "Ct. Catalunya Veterans"]
[Site "?"]
[Date "2012.05.13"]
[Round "3"]
[White "Bautista Sanchez, J."]
[Black "Tarrus Galter, N."]
[Result "1-0"]
[WhiteElo "2181"]
[BlackElo "1983"]
[PlyCount "87"]
[EventDate "2012.??.??"]
[EventType "swiss"]
[EventRounds "9"]

1. Nf3 f5 2. c4 Nf6 3. Nc3 g6 4. g3 Bg7 5. Bg2 O-O 6. O-O d6 7. d3 e5 8. Rb1 h6
9. Qc2 Be6 10. b4 Nc6 11. b5 Ne7 12. a4 Rc8 13. a5 b6 14. axb6 axb6 15. Ra1 g5
16. Ra7 f4 17. Nd2 Qe8 18. Nde4 Nxe4 19. Nxe4 Nf5 20. Qd1 Qh5 21. e3 Qg6 22.
Bf3 Bf7 23. Kh1 h5 24. g4 hxg4 25. Bxg4 d5 26. cxd5 Bxd5 27. Qe2 Qh6 28. Rg1
Qh4 29. Bf3 Bxe4 30. Bxe4 Nh6 31. Ba3 Rfd8 32. Be7 Nf7 33. Bxd8 Rxd8 34. Rxc7
Bf6 35. Qa2 Qh5 36. Bd5 Rf8 37. Bxf7+ Rxf7 38. Rxf7 Qxf7 39. Qxf7+ Kxf7 40. Rc1
Be7 41. Rc6 fxe3 42. fxe3 Ke8 43. Rxb6 Bc5 44. Re6+ 1-0

[Event "Ct. Catalunya Veterans"]
[Site "?"]
[Date "2012.05.13"]
[Round "3"]
[White "Borras Julian, T."]
[Black "Tejero Royo, F."]
[Result "1/2-1/2"]
[WhiteElo "2039"]
[BlackElo "2132"]
[PlyCount "33"]
[EventDate "2012.??.??"]
[EventType "swiss"]
[EventRounds "9"]

1. e4 e5 2. Nf3 Nc6 3. d4 exd4 4. c3 d3 5. Bxd3 d6 6. h3 Nf6 7. Bf4 Be7 8. Nbd2
O-O 9. Qc2 Nd7 10. Nc4 Bf6 11. O-O-O Nce5 12. Ncxe5 Nxe5 13. Nxe5 Bxe5 14. Bxe5
dxe5 15. Kb1 Qe7 16. Bc4 Be6 17. Bxe6 1/2-1/2

[Event "Ct. Catalunya Veterans"]
[Site "?"]
[Date "2012.05.13"]
[Round "3"]
[White "Dominguez Rueda, J."]
[Black "Coll Sola, J."]
[Result "1/2-1/2"]
[WhiteElo "2138"]
[BlackElo "2042"]
[PlyCount "62"]
[EventDate "2012.??.??"]
[EventType "swiss"]
[EventRounds "9"]

1. e4 c5 2. Nf3 e6 3. c3 Nf6 4. e5 Nd5 5. d4 cxd4 6. cxd4 d6 7. Nc3 Nxc3 8.
bxc3 Nc6 9. Bd3 dxe5 10. Nxe5 Nxe5 11. dxe5 Qa5 12. O-O Bd7 13. Qe2 Be7 14. Bf4
Bc6 15. c4 O-O 16. Rab1 Rfd8 17. Rb3 g6 18. Bb1 Rd4 19. Be3 Rd7 20. h4 Qxe5 21.
Qc2 Bxh4 22. Bc1 Qg7 23. Rh3 Bf6 24. Bh6 Qh8 25. Qe2 Rc8 26. Bc2 Bc3 27. Bg5
Re8 28. Qg4 Bf6 29. Be3 Bd4 30. Bg5 Bf6 31. Be3 Bd4 1/2-1/2

[Event "Ct. Catalunya Veterans"]
[Site "?"]
[Date "2012.05.13"]
[Round "3"]
[White "Franquet Escriva, J."]
[Black "Simon Padros, E."]
[Result "0-1"]
[WhiteElo "2103"]
[BlackElo "2224"]
[PlyCount "74"]
[EventDate "2012.??.??"]
[EventType "swiss"]
[EventRounds "9"]

1. e4 e6 2. d4 d5 3. Nc3 Bb4 4. exd5 exd5 5. Bd3 Nc6 6. Nf3 Bg4 7. Be3 Nf6 8.
h3 Bh5 9. a3 Bxc3+ 10. bxc3 O-O 11. g4 Bg6 12. Bxg6 hxg6 13. Nd2 Re8 14. Qf3
Qd6 15. O-O Na5 16. Bf4 Qc6 17. Rfe1 Nc4 18. Nxc4 Qxc4 19. Qd3 c6 20. f3 b5 21.
Qxc4 dxc4 22. Kf2 Nd5 23. Bd2 a5 24. Rxe8+ Rxe8 25. Re1 Rxe1 26. Kxe1 f5 27. f4
Nf6 28. gxf5 gxf5 29. Ke2 Ne4 30. Be1 Kf7 31. Kf3 Ke6 32. Ke2 Kd5 33. Kf3 g6
34. Ke2 Nd6 35. Kf3 a4 36. Bf2 b4 37. cxb4 Nb5 0-1

[Event "Ct. Catalunya Veterans"]
[Site "?"]
[Date "2012.05.13"]
[Round "3"]
[White "Garcia Riera, J."]
[Black "Anguera Maestro, J."]
[Result "1/2-1/2"]
[WhiteElo "2057"]
[BlackElo "2154"]
[PlyCount "72"]
[EventDate "2012.??.??"]
[EventType "swiss"]
[EventRounds "9"]

1. d4 d5 2. c4 e6 3. Nf3 Nf6 4. Nc3 c6 5. e3 Nbd7 6. Bd3 dxc4 7. Bxc4 b5 8. Bd3
a6 9. e4 Bb7 10. e5 Nd5 11. Nxd5 cxd5 12. O-O Be7 13. Bd2 O-O 14. Rc1 h6 15.
Qb3 Qb6 16. Bb4 Bxb4 17. Qxb4 Rac8 18. a4 Bc6 19. a5 Qb8 20. Nd2 Bb7 21. Nb3
Rxc1 22. Rxc1 Rc8 23. Rxc8+ Qxc8 24. Qd6 Qc6 25. Qxc6 Bxc6 26. Nc5 Nxc5 27.
dxc5 g5 28. g3 f6 29. f4 f5 30. h3 gxf4 31. gxf4 h5 32. h4 Kg7 33. Kf2 Kg6 34.
Ke3 Kf7 35. Be2 Kg6 36. Kd4 Kh6 1/2-1/2

[Event "Ct. Catalunya Veterans"]
[Site "?"]
[Date "2012.05.13"]
[Round "3"]
[White "Garriga Nualart, J."]
[Black "Coll Enriquez, L."]
[Result "1/2-1/2"]
[WhiteElo "2306"]
[BlackElo "2157"]
[PlyCount "27"]
[EventDate "2012.??.??"]
[EventType "swiss"]
[EventRounds "9"]

1. c4 e5 2. Nc3 Nc6 3. Nf3 g6 4. d4 exd4 5. Nxd4 Bg7 6. e3 Nf6 7. Be2 O-O 8.
O-O Re8 9. Bf3 Ne5 10. Be2 d5 11. cxd5 Nxd5 12. Nxd5 Qxd5 13. Nb5 Qc5 14. Bd2
1/2-1/2

[Event "Ct. Catalunya Veterans"]
[Site "?"]
[Date "2012.05.13"]
[Round "3"]
[White "Marchador Villalba, J."]
[Black "Grau Brumos, I."]
[Result "1-0"]
[WhiteElo "2068"]
[BlackElo "2168"]
[PlyCount "87"]
[EventDate "2012.??.??"]
[EventType "swiss"]
[EventRounds "9"]

1. b3 f5 2. Bb2 e6 3. f4 Nf6 4. Nf3 d5 5. e3 Bd6 6. c4 O-O 7. Be2 Qe7 8. O-O b6
9. Nc3 c6 10. a3 a6 11. b4 Nbd7 12. d4 b5 13. c5 Bc7 14. Ne5 Nxe5 15. dxe5 Ne8
16. Bf3 g5 17. g3 Bd7 18. Ne2 g4 19. Bg2 h5 20. Nd4 a5 21. Qe2 a4 22. h3 gxh3
23. Bxh3 Ng7 24. Kf2 Kf7 25. Rh1 Rh8 26. Nf3 Rag8 27. Ng5+ Kf8 28. Bg2 Bd8 29.
Rh2 Qe8 30. Nf3 Qg6 31. Nh4 Qf7 32. Rah1 Bxh4 33. Rxh4 Qg6 34. Bf3 Be8 35. R1h3
Rh7 36. Qd1 Bf7 37. Qh1 Ke7 38. Be2 Rgh8 39. Qf1 Be8 40. Bd3 Kd8 41. Qh1 Kc7
42. g4 hxg4 43. Rxh7 g3+ 44. Kg2 1-0

[Event "Ct. Catalunya Veterans"]
[Site "?"]
[Date "2012.05.13"]
[Round "3"]
[White "Navarro Alvarez, A."]
[Black "Regue Farran, E."]
[Result "0-1"]
[WhiteElo "1967"]
[BlackElo "2065"]
[PlyCount "52"]
[EventDate "2012.??.??"]
[EventType "swiss"]
[EventRounds "9"]

1. Nf3 c5 2. g3 d5 3. Bg2 Nc6 4. d4 cxd4 5. Nxd4 Nf6 6. O-O e6 7. c4 Bc5 8.
Nxc6 bxc6 9. Qa4 Bd7 10. Nc3 Rb8 11. a3 a5 12. Rb1 O-O 13. Bf4 Ra8 14. Qc2 Qe7
15. Na4 Bd6 16. Bxd6 Qxd6 17. c5 Qc7 18. Nb6 Ra7 19. b4 axb4 20. axb4 Qe5 21.
Rb2 Rb8 22. Ra2 Rab7 23. Rfa1 g6 24. Ra7 Kg7 25. e3 Be8 26. Rxb7 Qxa1+ 0-1

[Event "Ct. Catalunya Veterans"]
[Site "?"]
[Date "2012.05.13"]
[Round "3"]
[White "Sanz Bastos, F."]
[Black "Buxade Roca, G."]
[Result "0-1"]
[WhiteElo "2026"]
[BlackElo "2120"]
[PlyCount "65"]
[EventDate "2012.??.??"]
[EventType "swiss"]
[EventRounds "9"]

1. e4 c5 2. Nc3 Nc6 3. g3 g6 4. Bg2 Bg7 5. d3 Rb8 6. Be3 b5 7. Qd2 b4 8. Nd1 d6
9. Ne2 e6 10. O-O Nge7 11. Bh6 O-O 12. Bxg7 Kxg7 13. Ne3 f5 14. exf5 gxf5 15.
Nf4 Ne5 16. Nh5+ Kg8 17. d4 cxd4 18. Qxd4 Qb6 19. Qf4 N7g6 20. Qh6 Rf7 21. Nxf5
Ng4 22. Qg5 exf5 23. Bd5 Qc7 24. h3 N4e5 25. Nf6+ Kh8 26. g4 Nc4 27. Bxf7 Qxf7
28. Rae1 Bb7 29. Re2 Rf8 30. Nh5 Qd5 31. f3 Nd2 32. Kh2 Nxf3+ 33. Rxf3 0-1

[Event "Ct. Catalunya Veterans"]
[Site "?"]
[Date "2012.05.14"]
[Round "4"]
[White "Anguera Maestro, J."]
[Black "Montell Zabay, A."]
[Result "1/2-1/2"]
[WhiteElo "2154"]
[BlackElo "2041"]
[PlyCount "20"]
[EventDate "2012.??.??"]
[EventType "swiss"]
[EventRounds "9"]

1. d4 Nf6 2. Nf3 g6 3. Bf4 Bg7 4. Nbd2 d6 5. e4 O-O 6. h3 Nc6 7. Bd3 Nxd4 8.
Nxd4 e5 9. Be3 exd4 10. Bxd4 d5 1/2-1/2

[Event "Ct. Catalunya Veterans"]
[Site "?"]
[Date "2012.05.14"]
[Round "4"]
[White "Boqueras Rimbau, P."]
[Black "Garcia Riera, J."]
[Result "1/2-1/2"]
[WhiteElo "1778"]
[BlackElo "2057"]
[PlyCount "81"]
[EventDate "2012.??.??"]
[EventType "swiss"]
[EventRounds "9"]

1. d4 d5 2. Nf3 Nf6 3. e3 e6 4. Be2 c5 5. O-O Nc6 6. c4 Bd6 7. h3 O-O 8. Nc3 a6
9. a3 dxc4 10. dxc5 Bxc5 11. Bxc4 b5 12. Ba2 Bb7 13. b4 Bb6 14. Bb2 Qe7 15. Qe2
Rfd8 16. Rad1 Rxd1 17. Rxd1 Rd8 18. Rxd8+ Qxd8 19. Qc2 Ne7 20. Ne5 Qc7 21. Nf3
Ned5 22. Bb1 Nxc3 23. Qxc3 Qxc3 24. Bxc3 Nd5 25. Bd4 Bxd4 26. Nxd4 Nc3 27. Bc2
g6 28. Kf1 Kf8 29. f3 Bd5 30. Ke1 e5 31. Ne2 Nxe2 32. Kxe2 Ke7 33. e4 Bc4+ 34.
Bd3 Be6 35. h4 h6 36. g3 Kd6 37. Ke3 f5 38. f4 Bd7 39. exf5 gxf5 40. fxe5+ Kxe5
41. Be2 1/2-1/2

[Event "Ct. Catalunya Veterans"]
[Site "?"]
[Date "2012.05.14"]
[Round "4"]
[White "Buxade Roca, G."]
[Black "Garriga Nualart, J."]
[Result "1/2-1/2"]
[WhiteElo "2120"]
[BlackElo "2306"]
[PlyCount "21"]
[EventDate "2012.??.??"]
[EventType "swiss"]
[EventRounds "9"]

1. c4 Nf6 2. Nc3 g6 3. g3 Bg7 4. Bg2 O-O 5. Nf3 d6 6. O-O Nc6 7. Rb1 a5 8. a3
e5 9. d3 h6 10. Bd2 Be6 11. e4 1/2-1/2

[Event "Ct. Catalunya Veterans"]
[Site "?"]
[Date "2012.05.14"]
[Round "4"]
[White "Coll Enriquez, L."]
[Black "Bautista Sanchez, J."]
[Result "1/2-1/2"]
[WhiteElo "2157"]
[BlackElo "2181"]
[PlyCount "102"]
[EventDate "2012.??.??"]
[EventType "swiss"]
[EventRounds "9"]

1. e4 c6 2. Nc3 d5 3. Qf3 dxe4 4. Nxe4 Nd7 5. d4 Ngf6 6. Ng3 e6 7. Bd3 Bd6 8.
N1e2 Qc7 9. Nc3 O-O 10. Nge4 Be7 11. O-O Nxe4 12. Nxe4 Nf6 13. c3 Nxe4 14. Qxe4
f5 15. Qf3 Bd6 16. h3 e5 17. dxe5 Bxe5 18. Re1 Bd7 19. Be3 b6 20. Rad1 Rae8 21.
Bc4+ Kh8 22. Re2 c5 23. Bg5 Bc6 24. Bd5 Bh2+ 25. Kh1 Rxe2 26. Qxe2 Bxd5 27.
Rxd5 Qf7 28. Qe7 Bc7 29. Rd7 Qxe7 30. Bxe7 Rc8 31. c4 Kg8 32. Kg1 Be5 33. b3
Rc7 34. Rd8+ Kf7 35. Bg5 Bf6 36. Bxf6 Kxf6 37. Kf1 g5 38. Rd6+ Ke5 39. Rd5+ Ke6
40. g4 Rf7 41. f3 h6 42. a4 fxg4 43. hxg4 Rd7 44. Rxd7 Kxd7 45. f4 gxf4 46. Kf2
Ke7 47. Kf3 Ke6 48. Kxf4 Kf6 49. Ke4 Kg5 50. Kf3 Kh4 51. Kf4 a6 1/2-1/2

[Event "Ct. Catalunya Veterans"]
[Site "?"]
[Date "2012.05.14"]
[Round "4"]
[White "Coll Sola, J."]
[Black "Valls Mir, J."]
[Result "1/2-1/2"]
[WhiteElo "2042"]
[BlackElo "1881"]
[PlyCount "49"]
[EventDate "2012.??.??"]
[EventType "swiss"]
[EventRounds "9"]

1. e4 e6 2. d4 d5 3. Nd2 c5 4. exd5 Qxd5 5. Ngf3 Nf6 6. Bc4 Qd8 7. O-O cxd4 8.
Nb3 Be7 9. Nbxd4 O-O 10. Qe2 Re8 11. Rd1 Qb6 12. Nb3 Nc6 13. Be3 Qc7 14. h3 a6
15. a4 Bd7 16. Rd2 Rad8 17. a5 Rc8 18. Bb6 Qf4 19. Rad1 Nd5 20. Bxd5 exd5 21.
Be3 Qb4 22. Nfd4 Be6 23. Qf3 Ne5 24. Qg3 Nc4 25. Re2 1/2-1/2

[Event "Ct. Catalunya Veterans"]
[Site "?"]
[Date "2012.05.14"]
[Round "4"]
[White "Duran Vallverdu, J."]
[Black "Dominguez Rueda, J."]
[Result "1/2-1/2"]
[WhiteElo "2010"]
[BlackElo "2138"]
[PlyCount "85"]
[EventDate "2012.??.??"]
[EventType "swiss"]
[EventRounds "9"]

1. e4 e6 2. d4 d5 3. exd5 exd5 4. Bd3 Nf6 5. Nf3 Be7 6. O-O Bg4 7. Nbd2 Nbd7 8.
Re1 O-O 9. c3 c5 10. h3 Bh5 11. g4 Bg6 12. Bxg6 hxg6 13. Ne5 cxd4 14. cxd4 Bb4
15. Qb3 Qa5 16. Re2 Rfe8 17. a3 Bd6 18. f4 Qc7 19. Qf3 Qb6 20. Qf2 Rad8 21. g5
Nh7 22. Nxd7 Rxe2 23. Nxb6 Rxf2 24. Kxf2 axb6 25. Nf3 Rc8 26. Ne1 Re8 27. Be3
Re4 28. Kf3 Nf8 29. Nd3 Ne6 30. Re1 Kf8 31. Nf2 Nxd4+ 32. Kg4 Re8 33. Rd1 Rxe3
34. Rxd4 Re2 35. Nd3 Ke7 36. Rxd5 Re6 37. Ne5 Bxe5 38. Rxe5 Rxe5 39. fxe5 Ke6
40. Kf4 Kd5 41. h4 Ke6 42. Ke4 Ke7 43. Kf4 1/2-1/2

[Event "Ct. Catalunya Veterans"]
[Site "?"]
[Date "2012.05.14"]
[Round "4"]
[White "Grau Brumos, I."]
[Black "Basas Gamazo, J."]
[Result "1-0"]
[WhiteElo "2168"]
[BlackElo "2042"]
[PlyCount "79"]
[EventDate "2012.??.??"]
[EventType "swiss"]
[EventRounds "9"]

1. e4 c5 2. Nf3 d6 3. d4 cxd4 4. Nxd4 Nf6 5. Nc3 a6 6. Be2 e5 7. Nb3 Be7 8. Be3
Be6 9. Nd5 Nxd5 10. exd5 Bf5 11. O-O O-O 12. f4 exf4 13. Bxf4 Bg6 14. Qd2 Nd7
15. Rae1 Qb6+ 16. Kh1 Bf6 17. Be3 Qc7 18. c4 b6 19. Nd4 Rfe8 20. b3 Ne5 21. a4
Nd7 22. Bd1 Bxd4 23. Bxd4 a5 24. Qf2 Nc5 25. Re3 Rxe3 26. Qxe3 f6 27. h4 Re8
28. Qg3 Ne4 29. Qf4 Bf7 30. Kh2 Nc5 31. Qg3 Kf8 32. Bc2 h6 33. Qf3 Qd7 34. Rf2
Qe7 35. Qf5 Qd7 36. Qh7 Qg4 37. Qh8+ Ke7 38. Bxf6+ Kd7 39. Qh7 gxf6 40. Bf5+
1-0

[Event "Ct. Catalunya Veterans"]
[Site "?"]
[Date "2012.05.14"]
[Round "4"]
[White "Regue Farran, E."]
[Black "Borras Julian, T."]
[Result "1-0"]
[WhiteElo "2065"]
[BlackElo "2039"]
[PlyCount "31"]
[EventDate "2012.??.??"]
[EventType "swiss"]
[EventRounds "9"]

1. e4 d6 2. d4 Nf6 3. Nc3 g6 4. f4 Bg7 5. Nf3 O-O 6. Be3 Nbd7 7. Qd2 e5 8. fxe5
dxe5 9. dxe5 Ng4 10. Bg5 f6 11. Bc4+ Kh8 12. exf6 Bxf6 13. O-O-O Bxg5 14. Nxg5
Nge5 15. Bb3 Qe7 16. Ne6 1-0

[Event "Ct. Catalunya Veterans"]
[Site "?"]
[Date "2012.05.14"]
[Round "4"]
[White "Simon Padros, E."]
[Black "Marchador Villalba, J."]
[Result "1-0"]
[WhiteElo "2224"]
[BlackElo "2068"]
[PlyCount "73"]
[EventDate "2012.??.??"]
[EventType "swiss"]
[EventRounds "9"]

1. e4 c5 2. Nc3 e6 3. Nf3 a6 4. d4 cxd4 5. Nxd4 Qc7 6. g3 Bc5 7. Nb3 Be7 8. Bg2
Nf6 9. O-O d6 10. Be3 O-O 11. a4 Nbd7 12. a5 Nc5 13. Nd4 Rd8 14. Re1 g6 15. h3
e5 16. Nde2 Bd7 17. b4 Ne6 18. Bb6 Qc4 19. Bxd8 Rxd8 20. Rb1 Ng5 21. h4 Ngxe4
22. Nxe4 Nxe4 23. Qd3 Qxd3 24. cxd3 Nf6 25. Bxb7 Bb5 26. d4 Rb8 27. Bg2 e4 28.
Nf4 d5 29. f3 Bd6 30. fxe4 Bxf4 31. gxf4 Bd3 32. e5 Bxb1 33. Rxb1 Nh5 34. Bxd5
Nxf4 35. Bc4 Ra8 36. Rf1 g5 37. Bxf7+ 1-0

[Event "Ct. Catalunya Veterans"]
[Site "?"]
[Date "2012.05.14"]
[Round "4"]
[White "Tejero Royo, F."]
[Black "Sanchez Esteban, E."]
[Result "1-0"]
[WhiteElo "2132"]
[BlackElo "1914"]
[PlyCount "77"]
[EventDate "2012.??.??"]
[EventType "swiss"]
[EventRounds "9"]

1. d4 Nf6 2. c4 e6 3. Nc3 d5 4. Nf3 c6 5. e3 Nbd7 6. Qc2 Qc7 7. Be2 Bd6 8. e4
dxe4 9. Nxe4 Nxe4 10. Qxe4 Nf6 11. Qc2 Bf4 12. O-O O-O 13. b4 g6 14. a4 Bxc1
15. Raxc1 Qf4 16. Rfd1 Bd7 17. g3 Qe4 18. Ne5 Qxc2 19. Rxc2 Rad8 20. Bf3 Bc8
21. Rcd2 Kg7 22. h4 h5 23. Kg2 Kg8 24. b5 cxb5 25. axb5 Nd7 26. c5 Nf6 27. Ra2
Nd5 28. Bxd5 Rxd5 29. Rxa7 Rfd8 30. Ra8 Kg7 31. Nc4 e5 32. Nb6 Be6 33. Rxd8
Rxd8 34. d5 Bf5 35. c6 bxc6 36. bxc6 Rb8 37. Nc4 Rb5 38. Nd6 Rc5 39. Nxf5+ 1-0

[Event "Ct. Catalunya Veterans"]
[Site "?"]
[Date "2012.05.15"]
[Round "5"]
[White "Bautista Sanchez, J."]
[Black "Tejero Royo, F."]
[Result "1-0"]
[WhiteElo "2181"]
[BlackElo "2132"]
[PlyCount "75"]
[EventDate "2012.??.??"]
[EventType "swiss"]
[EventRounds "9"]

1. Nf3 d5 2. c4 c6 3. e3 Nf6 4. b3 Bg4 5. Bb2 Nbd7 6. d4 e6 7. Be2 Bb4+ 8. Nfd2
Bxe2 9. Qxe2 Ne4 10. O-O Nxd2 11. Nxd2 Bxd2 12. Qxd2 f5 13. Ba3 Nf6 14. Qb4 Qd7
15. Qa5 Kf7 16. f3 Rhe8 17. Qc3 Kg8 18. Rfe1 Rad8 19. Rac1 f4 20. Bb2 fxe3 21.
Qxe3 dxc4 22. bxc4 b5 23. Qc3 Qd6 24. Qa5 c5 25. cxb5 cxd4 26. Rc6 Qd5 27. Rc7
Rd7 28. Qxa7 Rxc7 29. Qxc7 d3 30. Qc6 Ra8 31. Bxf6 Qxc6 32. bxc6 gxf6 33. Rxe6
d2 34. Rd6 Rxa2 35. Kf1 Rc2 36. Ke2 Kf7 37. Kd1 Rc5 38. Kxd2 1-0

[Event "Ct. Catalunya Veterans"]
[Site "?"]
[Date "2012.05.15"]
[Round "5"]
[White "Buxade Roca, G."]
[Black "Grau Brumos, I."]
[Result "1-0"]
[WhiteElo "2120"]
[BlackElo "2168"]
[PlyCount "103"]
[EventDate "2012.??.??"]
[EventType "swiss"]
[EventRounds "9"]

1. c4 Nf6 2. g3 e5 3. Nc3 Bc5 4. Bg2 c6 5. e3 Qe7 6. Nge2 d6 7. d4 Bb6 8. b4 a5
9. b5 cxb5 10. cxb5 O-O 11. O-O e4 12. Nf4 Bf5 13. a4 Nbd7 14. Ba3 g5 15. Nfd5
Nxd5 16. Nxd5 Qe6 17. Nxb6 Nxb6 18. d5 Nxd5 19. Qd4 Rfd8 20. Bb2 f6 21. Rfd1
Ne7 22. Qxf6 Qxf6 23. Bxf6 Kf7 24. Bxg5 Rac8 25. Rdc1 Rc5 26. f3 b6 27. fxe4
Be6 28. Bf4 Ng6 29. Rxc5 bxc5 30. Kf2 Bb3 31. Ke2 Ne5 32. Kd2 Be6 33. Kc3 Rd7
34. Bf1 Ng4 35. Bc4 Kf6 36. Bg5+ Ke5 37. Bf4+ Kf6 38. Bxe6 Kxe6 39. Kc4 Nxh2
40. Rh1 Ng4 41. Rh4 Rg7 42. b6 Kd7 43. Kb5 Nf6 44. e5 Nd5 45. exd6 Nc3+ 46.
Kxc5 Nxa4+ 47. Kb5 Nc3+ 48. Kxa5 Kc6 49. Be5 Rg5 50. Rc4+ Kb7 51. Rc7+ Kb8 52.
Re7 1-0